Seven Wonders - Siete Maravillas - Sette Meraviglie - Statistics

General Stats
  • This quiz has been taken 26 times
  • The average score is 4 of 7
Answer Stats
Hint Answer % Correct
Egypt Great pyramid of Giza
96%
Greece Colossus of Rhodes
70%
Iraq Hanging gardens of Babylon
65%
Greece Statue of Zeus
52%
Turkey Temple of Artemis
52%
Egypt Lighthouse of Alexandria
48%
Turkey Mausoleum at Halicarnassus
48%
No matching quizzes found
Score Distribution
Percent of People with Each Score
Percentile by Number Answered
Your Score History
You have not taken this quiz